| 000 | 00376nam a2200145Ia 4500 | ||
|---|---|---|---|
| 999 |
_c10581 _d10581 |
||
| 003 | OSt | ||
| 005 | 20220407120643.0 | ||
| 008 | 220318s9999 xx 000 0 und d | ||
| 020 | _a9780198779377 | ||
| 082 | _a307.7609 | ||
| 100 |
_a Clark, Peter, _d1944- |
||
| 245 | 0 | _aThe Oxford handbook of cities in world history | |
| 260 |
_aOUP _b Oxford University Press |
||
| 942 | _2ddc | ||